Hyrule Compendium - Breath of the Wild & Tears of the Kingdom - Statistics

General Stats
  • This quiz has been taken 28 times
    12 since last reset
  • The average score is 18 of 596
Answer Stats
Category Answers % Correct
Creatures Horse
75%
Creatures Giant Horse
50%
Treasure Ore Deposit
50%
Treasure Rare Ore Deposit
50%
Treasure Treasure Chest
50%
Creatures White Horse
50%
Materials Apple
25%
Equipment Arrow
25%
Monsters Battle Talus
25%
Monsters Bokoblin
25%
Equipment Bomb Arrow
25%
Materials Bomb Flower
25%
Equipment Boomerang
25%
Creatures Bubbulfrog
25%
Monsters Chuchu
25%
Materials Chuchu Jelly
25%
Equipment Construct Bow
25%
Creatures Donkey
25%
Materials Endura Carrot
25%
Materials Endura Shroom
25%
Equipment Fire Arrow
25%
Monsters Flame Gleeok
25%
Monsters Frost Gleeok
25%
Monsters Frox
25%
Equipment Gerudo Bow
25%
Equipment Gerudo Claymore
25%
Equipment Gerudo Shield
25%
Equipment Gerudo Spear
25%
Creatures Giant White Stallion
25%
Materials Golden Apple
25%
Creatures Golden Horse
25%
Materials Hearty Durian
25%
Materials Hearty Radish
25%
Monsters Hinox
25%
Monsters Horriblin
25%
Materials Hylian Shroom
25%
Materials Hylian Tomato
25%
Equipment Ice Arrow
25%
Monsters Keese
25%
Monsters King Gleeok
25%
Equipment Korok Leaf
25%
Monsters Lizalfos
25%
Treasure Luminous Ore Deposit
25%
Monsters Lynel
25%
Equipment Master Sword
25%
Monsters Moblin
25%
Equipment Royal Guard's Bow
25%
Equipment Royal Guard's Claymore
25%
Equipment Royal Guard's Shield
25%
Equipment Royal Guard's Spear
25%
Equipment Royal Guard's Sword
25%
Equipment Shock Arrow
25%
Materials Silent Princess
25%
Equipment Soldier's Bow
25%
Equipment Soldier's Claymore
25%
Equipment Soldier's Shield
25%
Equipment Soldier's Spear
25%
Creatures Stalhorse
25%
Monsters Stone Talus
25%
Materials Sunshroom
25%
Monsters Thunder Gleeok
25%
Equipment Zonaite Bow
25%
Equipment Zonaite Shield
25%
Equipment Zonaite Spear
25%
Equipment Zonaite Sword
25%
Creatures Accented Pigeon
0%
Monsters Aerocuda
0%
Materials Aerocuda Eyeball
0%
Creatures Ancient Arowana
0%
Equipment Ancient Arrow
0%
Equipment Ancient Battle Axe
0%
Equipment Ancient Battle Axe +
0%
Equipment Ancient Battle Axe ++
0%
Equipment Ancient Bladesaw
0%
Equipment Ancient Bow
0%
Equipment Ancient Shield
0%
Equipment Ancient Short Sword
0%
Equipment Ancient Spear
0%
Materials Armoranth
0%
Creatures Armored Carp
0%
Creatures Armored Porgy
0%
Equipment Biggoron's Sword
0%
Materials Big Hearty Radish
0%
Materials Big Hearty Truffle
0%
Monsters Black Bokoblin
0%
Materials Black Bokoblin Horn
0%
Monsters Black Boss Bokoblin
0%
Materials Black Boss Bokoblin Horn
0%
Monsters Black Hinox
0%
Materials Black Hinox Horn
0%
Monsters Black Horriblin
0%
Materials Black Horriblin Horn
0%
Monsters Black Lizalfos
0%
Materials Black Lizalfos Horn
0%
Monsters Black Moblin
0%
Materials Black Moblin Horn
0%
Creatures Bladed Rhino Beetle
0%
Equipment Blizzard Rod
0%
Monsters Blizzrobe
0%
Monsters Blue Bokoblin
0%
Materials Blue Bokoblin Horn
0%
Monsters Blue Boss Bokoblin
0%
Materials Blue Boss Bokoblin Horn
0%
Monsters Blue Hinox
0%
Materials Blue Hinox Horn
0%
Monsters Blue Horriblin
0%
Materials Blue Horriblin Horn
0%
Monsters Blue Lizalfos
0%
Materials Blue Lizalfos Horn
0%
Monsters Blue-Maned Lynel
0%
Materials Blue-Maned Lynel Mace Horn
0%
Materials Blue-Maned Lynel Saber Horn
0%
Monsters Blue Moblin
0%
Materials Blue Moblin Horn
0%
Materials Blue Nightshade
0%
Creatures Blue Sparrow
0%
Monsters Blue-White Frox
0%
Materials Blue-White Frox Fang
0%
Creatures Blue-Winged Heron
0%
Creatures Blupee
0%
Equipment Boat Oar
0%
Equipment Boko Bat
0%
Equipment Bokoblin Arm
0%
Materials Bokoblin Horn
0%
Equipment Boko Bow
0%
Equipment Boko Club
0%
Equipment Boko Shield
0%
Equipment Boko Spear
0%
Monsters Boss Bokoblin
0%
Materials Boss Bokoblin Horn
0%
Equipment Boulder Breaker
0%
Equipment Bow of Light
0%
Materials Brightbloom Seed
0%
Materials Brightcap
0%
Creatures Bright-Chested Duck
0%
Creatures Bright-Eyed Crab
0%
Creatures Bushy-Tailed Squirrel
0%
Monsters Calamity Ganon
0%
Monsters Captain Construct I
0%
Materials Captain Construct I Horn
0%
Monsters Captain Construct II
0%
Materials Captain Construct II Horn
0%
Monsters Captain Construct III
0%
Materials Captain Construct III Horn
0%
Monsters Captain Construct IV
0%
Materials Captain Construct IV Horn
0%
Equipment Ceremonial Trident
0%
Creatures Chillfin Trout
0%
Materials Chillshroom
0%
Creatures Cloud Seagull
0%
Equipment Cobble Crusher
0%
Creatures Cold Darner
0%
Creatures Cold-Footed Wolf
0%
Monsters Colgera
0%
Creatures Common Sparrow
0%
Materials Cool Safflina
0%
Materials Courser Bee Honey
0%
Creatures Cucco
0%
Monsters Cursed Bokoblin
0%
Monsters Cursed Lizalfos
0%
Monsters Cursed Moblin
0%
Monsters Dark Beast Ganon
0%
Equipment Daybreaker
0%
Materials Dazzle Fruit
0%
Monsters Decayed Guardian
0%
Creatures Deep Firefly
0%
Equipment Demon Carver
0%
Monsters Demon Dragon
0%
Monsters Demon King Ganondorf
0%
Monsters Demon King Ganondorf (2nd Form)
0%
Equipment Demon King's Bow
0%
Monsters Dinraal
0%
Materials Dinraal's Horn
0%
Creatures Dondon
0%
Equipment Double Axe
0%
Equipment Dragonbone Boko Bat
0%
Equipment Dragonbone Boko Bow
0%
Equipment Dragonbone Boko Club
0%
Equipment Dragonbone Boko Shield
0%
Equipment Dragonbone Boko Spear
0%
Equipment Dragonbone Moblin Club
0%
Equipment Dragonbone Moblin Spear
0%
Equipment Drillshaft
0%
Equipment Duplex Bow
0%
Equipment Dusk Bow
0%
Equipment Dusk Claymore
0%
Equipment Edge of Duality
0%
Equipment Eightfold Blade
0%
Equipment Eightfold Longblade
0%
Creatures Eldin Ostrich
0%
Monsters Electric Chuchu
0%
Creatures Electric Darner
0%
Monsters Electric Keese
0%
Materials Electric Keese Eyeball
0%
Monsters Electric Lizalfos
0%
Materials Electric Lizalfos Horn
0%
Materials Electric Safflina
0%
Monsters Electric Wizzrobe
0%
Equipment Emblazoned Shield
0%
Creatures Energetic Rhino Beetle
0%
Equipment Enhanced Lizal Spear
0%
Monsters Evermean
0%
Creatures Fairy
0%
Equipment Falcon Bow
0%
Equipment Farmer's Pitchfork
0%
Equipment Farming Hoe
0%
Monsters Farosh
0%
Materials Farosh's Horn
0%
Equipment Feathered Edge
0%
Equipment Feathered Spear
0%
Equipment Fierce Deity Sword
0%
Monsters Fireblight Ganon
0%
Monsters Fire-Breath Lizalfos
0%
Materials Fire-Breath Lizalfos Horn
0%
Monsters Fire Chuchu
0%
Materials Fire Fruit
0%
Monsters Fire Keese
0%
Materials Fire Keese Eyeball
0%
Monsters Fire Like
0%
Materials Fire Like Stone
0%
Creatures Fireproof Lizard
0%
Equipment Fire Rod
0%
Monsters Fire Wizzrobe
0%
Equipment Fisherman's Shield
0%
Equipment Fishing Harpoon
0%
Equipment Flameblade
0%
Equipment Flamespear
0%
Materials Fleet-Lotus Seeds
0%
Monsters Flux Construct I
0%
Monsters Flux Construct II
0%
Monsters Flux Construct III
0%
Equipment Forest Dweller's Bow
0%
Equipment Forest Dweller's Shield
0%
Equipment Forest Dweller's Spear
0%
Equipment Forest Dweller's Sword
0%
Monsters Forest Octorok
0%
Creatures Forest Ostrich
0%
Equipment Forked Lizal Spear
0%
Materials Fortified Pumpkin
0%
Equipment Frostblade
0%
Monsters Frost Pebblit
0%
Equipment Frostspear
0%
Monsters Frost Talus
0%
Materials Frox Fang
0%
Equipment Gerudo Scimitar
0%
Equipment Giant Boomerang
0%
Materials Giant Brightbloom Seed
0%
Monsters Gibdo
0%
Materials Gibdo Bone
0%
Materials Gleeok Flame Horn
0%
Materials Gleeok Frost Horn
0%
Materials Gleeok Thunder Horn
0%
Equipment Gloom Club
0%
Equipment Gloom Spear
0%
Equipment Gloom Sword
0%
Creatures Glowing Cave Fish
0%
Equipment Gnarled Long Stick
0%
Equipment Gnarled Thick Stick
0%
Equipment Gnarled Wooden Stick
0%
Monsters Golden Bokoblin
0%
Equipment Golden Bow
0%
Equipment Golden Claymore
0%
Monsters Golden Lizalfos
0%
Monsters Golden Lynel
0%
Monsters Golden Moblin
0%
Creatures Golden Sparrow
0%
Creatures Grassland Fox
0%
Equipment Great Eagle Bow
0%
Equipment Great Flameblade
0%
Equipment Great Frostblade
0%
Creatures Great-Horned Rhinoceros
0%
Equipment Great Thunderblade
0%
Creatures Grizzlemaw Bear
0%
Monsters Guardian Scout I
0%
Monsters Guardian Scout II
0%
Monsters Guardian Scout III
0%
Monsters Guardian Scout IV
0%
Equipment Guardian Shield
0%
Equipment Guardian Shield +
0%
Equipment Guardian Shield ++
0%
Monsters Guardian Skywatcher
0%
Equipment Guardian Spear
0%
Equipment Guardian Spear +
0%
Equipment Guardian Spear ++
0%
Monsters Guardian Stalker
0%
Equipment Guardian Sword
0%
Equipment Guardian Sword +
0%
Equipment Guardian Sword ++
0%
Monsters Guardian Turret
0%
Creatures Hateno Cow
0%
Creatures Hearty Bass
0%
Creatures Hearty Blueshell Snail
0%
Creatures Hearty Lizard
0%
Creatures Hearty Salmon
0%
Materials Hearty Truffle
0%
Creatures Highland Sheep
0%
Creatures Hightail Lizard
0%
Materials Hinox Horn
0%
Creatures Honeyvore Bear
0%
Materials Horriblin Horn
0%
Creatures Hotfeather Pigeon
0%
Creatures Hot-Footed Frog
0%
Equipment Hunter's Shield
0%
Materials Hydromelon
0%
Materials Hylian Pine Cone
0%
Creatures Hylian Retriever
0%
Equipment Hylian Shield
0%
Creatures Hyrule Bass
0%
Materials Hyrule Herb
0%
Monsters Ice-Breath Lizalfos
0%
Materials Ice-Breath Lizalfos Horn
0%
Monsters Ice Chuchu
0%
Materials Ice Fruit
0%
Monsters Ice Keese
0%
Materials Ice Keese Eyeball
0%
Monsters Ice Like
0%
Materials Ice Like Stone
0%
Equipment Ice Rod
0%
Monsters Ice Wizzrobe
0%
Monsters Igneo Pebblit
0%
Monsters Igneo Talus
0%
Monsters Igneo Talus Titan
0%
Creatures Ironshell Crab
0%
Materials Ironshroom
0%
Equipment Iron Sledgehammer
0%
Creatures Islander Hawk
0%
Materials Keese Eyeball
0%
Equipment Kite Shield
0%
Equipment Knight's Bow
0%
Equipment Knight's Broadsword
0%
Equipment Knight's Claymore
0%
Equipment Knight's Halberd
0%
Equipment Knight's Shield
0%
Materials Korok Frond
0%
Monsters Light Dragon
0%
Materials Light Dragon's Horn
0%
Equipment Lightning Rod
0%
Equipment Lightscale Trident
0%
Monsters Like Like
0%
Materials Like Like Stone
0%
Monsters Little Frox
0%
Equipment Lizal Boomerang
0%
Equipment Lizal Bow
0%
Equipment Lizal Forked Boomerang
0%
Equipment Lizalfos Arm
0%
Materials Lizalfos Horn
0%
Equipment Lizal Shield
0%
Equipment Lizal Spear
0%
Equipment Lizal Tri-Boomerang
0%
Equipment Long Stick
0%
Creatures Lord of the Mountain
0%
Equipment Lynel Bow
0%
Equipment Lynel Crusher
0%
Materials Lynel Mace Horn
0%
Materials Lynel Saber Horn
0%
Equipment Lynel Shield
0%
Equipment Lynel Spear
0%
Equipment Lynel Sword
0%
Equipment Magic Rod
0%
Equipment Magic Scepter
0%
Equipment Magic Staff
0%
Creatures Maraudo Wolf
0%
Monsters Marbled Gohma
0%
Monsters Master Kohga
0%
Equipment Meteor Rod
0%
Monsters Meteo Wizzrobe
0%
Materials Mighty Bananas
0%
Creatures Mighty Carp
0%
Equipment Mighty Construct Bow
0%
Equipment Mighty Lynel Bow
0%
Equipment Mighty Lynel Crusher
0%
Equipment Mighty Lynel Shield
0%
Equipment Mighty Lynel Spear
0%
Equipment Mighty Lynel Sword
0%
Creatures Mighty Porgy
0%
Materials Mighty Thistle
0%
Equipment Mighty Zonaite Longsword
0%
Equipment Mighty Zonaite Shield
0%
Equipment Mighty Zonaite Spear
0%
Equipment Mighty Zonaite Sword
0%
Equipment Moblin Arm
0%
Equipment Moblin Club
0%
Materials Moblin Horn
0%
Equipment Moblin Spear
0%
Monsters Molduga
0%
Materials Molduga Jaw
0%
Monsters Molduking
0%
Monsters Monk Maz Koshia
0%
Equipment Moonlight Scimitar
0%
Monsters Moragia
0%
Monsters Moth Gibdo
0%
Creatures Mountain Buck
0%
Creatures Mountain Crow
0%
Creatures Mountain Doe
0%
Creatures Mountain Goat
0%
Monsters Mucktorok
0%
Materials Muddle Bud
0%
Monsters Naydra
0%
Materials Naydra's Horn
0%
Monsters Obsidian Frox
0%
Materials Obsidian Frox Fang
0%
Equipment Old Wooden Bow
0%
Equipment Old Wooden Shield
0%
Equipment One-Hit Obliterator
0%
Materials Palm Fruit
0%
Creatures Patricia
0%
Monsters Phantom Ganon
0%
Equipment Phrenic Bow
0%
Creatures Pink Heron
0%
Equipment Pot Lid
0%
Materials Puffshroom
0%
Monsters Queen Gibdo
0%
Equipment Radiant Shield
0%
Creatures Rainbow Pigeon
0%
Creatures Rainbow Sparrow
0%
Creatures Razorclaw Crab
0%
Materials Razorshroom
0%
Materials Red Chuchu Jelly
0%
Creatures Red Sparrow
0%
Creatures Red-Tusked Boar
0%
Equipment Reinforced Lizal Shield
0%
Creatures Restless Cricket
0%
Monsters Rock Like
0%
Monsters Rock Octorok
0%
Equipment Royal Bow
0%
Equipment Royal Broadsword
0%
Equipment Royal Claymore
0%
Equipment Royal Halberd
0%
Equipment Royal Shield
0%
Creatures Rugged Rhino Beetle
0%
Materials Rushroom
0%
Equipment Rusty Broadsword
0%
Equipment Rusty Claymore
0%
Equipment Rusty Halberd
0%
Equipment Rusty Shield
0%
Creatures Sand Seal
0%
Creatures Sand Sparrow
0%
Creatures Sanke Carp
0%
Equipment Savage Lynel Bow
0%
Equipment Savage Lynel Crusher
0%
Equipment Savage Lynel Shield
0%
Equipment Savage Lynel Spear
0%
Equipment Savage Lynel Sword
0%
Equipment Scimitar of the Seven
0%
Equipment Sea-Breeze Boomerang
0%
Equipment Sea-Breeze Shield
0%
Creatures Seagull
0%
Monsters Seized Construct
0%
Monsters Sentry
0%
Equipment Serpentine Spear
0%
Materials Shard of Dinraal's Spike
0%
Materials Shard of Farosh's Spike
0%
Materials Shard of Light Dragon's Spike
0%
Materials Shard of Naydra's Spike
0%
Equipment Shield of the Mind's Eye
0%
Materials Shock Fruit
0%
Monsters Shock Like
0%
Materials Shock Like Stone
0%
Materials Silent Shroom
0%
Monsters Silver Bokoblin
0%
Materials Silver Bokoblin Horn
0%
Monsters Silver Boss Bokoblin
0%
Materials Silver Boss Bokoblin Horn
0%
Equipment Silver Bow
0%
Monsters Silver Horriblin
0%
Materials Silver Horriblin Horn
0%
Monsters Silver Lizalfos
0%
Materials Silver Lizalfos Horn
0%
Equipment Silver Longsword
0%
Monsters Silver Lynel
0%
Materials Silver Lynel Mace Horn
0%
Materials Silver Lynel Saber Horn
0%
Monsters Silver Moblin
0%
Materials Silver Moblin Horn
0%
Equipment Silverscale Spear
0%
Equipment Silver Shield
0%
Creatures Sizzlefin Trout
0%
Monsters Sky Octorok
0%
Materials Skyshroom
0%
Monsters Sludge Like
0%
Creatures Smotherwing Butterfly
0%
Creatures Sneaky River Snail
0%
Creatures Snowcoat Fox
0%
Monsters Snow Octorok
0%
Materials Soldier Construct Horn
0%
Monsters Soldier Construct I
0%
Monsters Soldier Construct II
0%
Materials Soldier Construct II Horn
0%
Monsters Soldier Construct III
0%
Materials Soldier Construct III Horn
0%
Monsters Soldier Construct IV
0%
Materials Soldier Construct IV Horn
0%
Equipment Soldier's Broadsword
0%
Equipment Soup Ladle
0%
Materials Spicy Pepper
0%
Equipment Spiked Boko Bat
0%
Equipment Spiked Boko Bow
0%
Equipment Spiked Boko Club
0%
Equipment Spiked Boko Shield
0%
Equipment Spiked Boko Spear
0%
Equipment Spiked Moblin Club
0%
Equipment Spiked Moblin Spear
0%
Materials Splash Fruit
0%
Equipment Spring-Loaded Hammer
0%
Monsters Stalizalfos
0%
Monsters Stalkoblin
0%
Monsters Stalmoblin
0%
Monsters Stalnox
0%
Materials Stalnox Horn
0%
Materials Stambulb
0%
Materials Stamella Shroom
0%
Creatures Staminoka Bass
0%
Creatures Stealthfin Trout
0%
Equipment Steel Lizal Bow
0%
Equipment Steel Lizal Shield
0%
Creatures Sticky Frog
0%
Creatures Sticky Lizard
0%
Monsters Stone Pebblit
0%
Equipment Stone Smasher
0%
Monsters Stone Talus (Luminous)
0%
Monsters Stone Talus (Rare)
0%
Equipment Strengthened Lizal Bow
0%
Equipment Strong Construct Bow
0%
Equipment Strong Zonaite Longsword
0%
Equipment Strong Zonaite Shield
0%
Equipment Strong Zonaite Spear
0%
Equipment Strong Zonaite Sword
0%
Equipment Sturdy Long Stick
0%
Equipment Sturdy Thick Stick
0%
Equipment Sturdy Wooden Stick
0%
Creatures Summerwing Butterfly
0%
Materials Sundelion
0%
Materials Sun Pumpkin
0%
Creatures Sunset Firefly
0%
Equipment Swallow Bow
0%
Materials Swift Carrot
0%
Materials Swift Violet
0%
Equipment Sword of the Hero
0%
Creatures Tabantha Moose
0%
Equipment Thick Stick
0%
Equipment Throwing Spear
0%
Equipment Thunderblade
0%
Monsters Thunderblight Ganon
0%
Equipment Thunderspear
0%
Equipment Thunderstorm Rod
0%
Creatures Thunderwing Butterfly
0%
Monsters Thunder Wizzrobe
0%
Creatures Tireless Frog
0%
Equipment Torch
0%
Monsters Training Construct
0%
Equipment Traveler's Bow
0%
Equipment Traveler's Claymore
0%
Equipment Traveler's Shield
0%
Equipment Traveler's Spear
0%
Equipment Traveler's Sword
0%
Monsters Treasure Octorok
0%
Equipment Tree Branch
0%
Equipment Vicious Sickle
0%
Creatures Voltfin Trout
0%
Materials Voltfruit
0%
Creatures Warm Darner
0%
Materials Warm Safflina
0%
Creatures Wasteland Coyote
0%
Monsters Waterblight Ganon
0%
Creatures Water Buffalo
0%
Monsters Water Octorok
0%
Treasure Well
0%
Materials White Chuchu Jelly
0%
Creatures White Goat
0%
Monsters White-Maned Lynel
0%
Materials White-Maned Lynel Mace Horn
0%
Materials White-Maned Lynel Saber Horn
0%
Creatures White Pigeon
0%
Equipment White Sword of the Sky
0%
Materials Wildberry
0%
Monsters Windblight Ganon
0%
Equipment Windcleaver
0%
Creatures Winterwing Butterfly
0%
Equipment Woodcutter's Axe
0%
Equipment Wooden Bow
0%
Equipment Wooden Mop
0%
Equipment Wooden Shield
0%
Equipment Wooden Stick
0%
Creatures Woodland Boar
0%
Creatures Wood Pigeon
0%
Materials Yellow Chuchu Jelly
0%
Monsters Yiga Blademaster
0%
Monsters Yiga Footsoldier
0%
Materials Zapshroom
0%
Treasure Zonaite Deposit
0%
Equipment Zonaite Longsword
0%
Equipment Zora Bow
0%
Equipment Zora Longsword
0%
Equipment Zora Shield
0%
Equipment Zora Spear
0%
Equipment Zora Sword
0%
No matching quizzes found
Score Distribution
Percent of People with Each Score
Percentile by Number Answered
Your Score History
You have not taken this quiz since the last reset